| 000 | 00365nam a22001457a 4500 | ||
|---|---|---|---|
| 003 | SGT | ||
| 020 | _a9789353061296 | ||
| 082 | _a621.3,TRI | ||
| 100 | _aTRISHNA | ||
| 245 | _aPREVIOUS TEAR SOLVED QUESTION PAPERS GATE ELECTRICAL ENGINEERING 2019 | ||
| 260 |
_aCHENNAI _bPEARSON _c2018 |
||
| 300 | _a9.51 | ||
| 650 | _aELECTRICAL ENGINEERING | ||
| 942 |
_2ddc _cBK |
||
| 999 |
_c18367 _d18367 |
||